Estudio diplomático del documento indiano / José Joaquín Real Díaz
Descripción Física:
XI, 243 p. : il. ; 21 cm
Otros Autores:
Espanya. Dirección de Archivos Estatales
MARC
| LEADER | 00000nam a2200000Ia 4500 | ||
|---|---|---|---|
| 001 | 9579 | ||
| 008 | 160829s1991 xx 000 0 cat d | ||
| 080 | |a A-2-38 | ||
| 100 | |a Real Díaz, José Joaquín |9 19908 | ||
| 245 | |a Estudio diplomático del documento indiano / José Joaquín Real Díaz | ||
| 260 | |a Madrid : |b Dirección de Archivos Estatales, |c 1991 | ||
| 300 | |a XI, 243 p. : |b il. ; |c 21 cm | ||
| 650 | |a Diplomàtica |x Amèrica Llatina |x Història |x S. XV/XIX |9 19909 | ||
| 700 | |a Espanya. Dirección de Archivos Estatales |9 35025 | ||
| 901 | |a Arxiu | ||
| 942 | |n 1 | ||
| 952 | |0 0 |1 0 |4 0 |6 A238 |7 1 |9 41368 |a Arxiu |b Arxiu |d 2016-12-01 |l 0 |o A-2-38 |p 9579 |r 2016-12-01 00:00:00 |w 2016-12-01 |y ARXIU | ||
| 999 | |c 43175 |d 43175 | ||